पचीस साल की लड़की / (Record no. 114527)

MARC details
000 -LEADER
fixed length control field 01066nam a22002537a 4500
005 - DATE AND TIME OF LATEST TRANSACTION
control field 20170124103010.0
010 ## - LIBRARY OF CONGRESS CONTROL NUMBER
LC control number B-247117
020 ## - INTERNATIONAL STANDARD BOOK NUMBER
Terms of availability 275.00
International Standard Book Number 8189850121
035 ## - SYSTEM CONTROL NUMBER
System control number B-247117
037 ## - SOURCE OF ACQUISITION
Source of stock number/acquisition Cen Lib/Ret
040 ## - CATALOGING SOURCE
Original cataloging agency DPL
Language of cataloging HN
082 ## - DEWEY DECIMAL CLASSIFICATION NUMBER
Classification number
Item number कालिया
100 ## - MAIN ENTRY--PERSONAL NAME
Personal name कालिया, ममता
9 (RLIN) 57174
245 ## - TITLE STATEMENT
Title पचीस साल की लड़की /
Statement of responsibility, etc ममता कालिया
246 ## - VARYING FORM OF TITLE
Title proper/short title Pachees saal ki ladki /
Remainder of title by Mamta Kaliya
260 ## - PUBLICATION, DISTRIBUTION, ETC. (IMPRINT)
Place of publication, distribution, etc उत्तर प्रदेश
Name of publisher, distributor, etc रेमाधव पब्लिकेशन्स
Date of publication, distribution, etc 2006
270 ## - ADDRESS
Address सी-94, सेक्टर-63, नोएडा, गौतमबुद्ध नगर
City उत्तर प्रदेश
Postal code 201301
300 ## - PHYSICAL DESCRIPTION
Extent 164पृ.
Dimensions 21सेमी (सजिल्द)
650 ## - SUBJECT ADDED ENTRY--TOPICAL TERM
Topical term or geographic name as entry element हिन्दी -- साहित्य
9 (RLIN) 57175
650 ## - SUBJECT ADDED ENTRY--TOPICAL TERM
Topical term or geographic name as entry element हिन्दी -- कहानी
9 (RLIN) 779
650 ## - SUBJECT ADDED ENTRY--TOPICAL TERM
Topical term or geographic name as entry element Hindi -- Literature
9 (RLIN) 57176
650 ## - SUBJECT ADDED ENTRY--TOPICAL TERM
Topical term or geographic name as entry element Hindi -- Story
9 (RLIN) 43117
942 ## - ADDED ENTRY ELEMENTS (KOHA)
Source of classification or shelving scheme Dewey Decimal Classification
Koha item type Hindi Books
Classification part
Call number suffix कालिया
Holdings
Withdrawn status Lost status Damaged status Not for loan Home library Current library Date acquired Source of acquisition Cost, normal purchase price Total Checkouts Total Renewals Full call number Barcode Date last seen Date checked out Copy number Cost, replacement price Price effective from Koha item type
        Central Library Central Library 18/08/2015 Cen Lib/Ret 275.00 1 1 क कालिया B-247117 04/09/2018 07/08/2018 1 275.00 18/08/2015 Hindi Books

© Delhi Public Library
Hit Counter
free hit counter